The process of parenting
A comprehensive introduction to parenting that describes the many ways parents and caregivers can translate their love and concern for children into effective parenting behavior. It emphasises on the developmental process and on the changing nature of parent-children relationships, presenting a wide...
Bewaard in:
| Hoofdauteur: | |
|---|---|
| Formaat: | Boek |
| Taal: | Undetermined |
| Gepubliceerd in: |
New York, NY
McGraw-Hill
2004
|
| Onderwerpen: | |
| Tags: |
Voeg label toe
Geen labels, Wees de eerste die dit record labelt!
|
| Thư viện lưu trữ: | Trung tâm Học liệu Trường Đại học Cần Thơ |
|---|
| LEADER | 00888nam a2200217Ia 4500 | ||
|---|---|---|---|
| 001 | CTU_190221 | ||
| 008 | 210402s9999 xx 000 0 und d | ||
| 020 | |c 710000 | ||
| 082 | |a 649.1 | ||
| 082 | |b B873 | ||
| 100 | |a Brooks, Jane B. | ||
| 245 | 4 | |a The process of parenting | |
| 245 | 0 | |c Jane B. Brooks | |
| 260 | |a New York, NY | ||
| 260 | |b McGraw-Hill | ||
| 260 | |c 2004 | ||
| 520 | |a A comprehensive introduction to parenting that describes the many ways parents and caregivers can translate their love and concern for children into effective parenting behavior. It emphasises on the developmental process and on the changing nature of parent-children relationships, presenting a wide range of theories and research | ||
| 650 | |a Parenting,Nuôi dạy con | ||
| 650 | |z United States,Hoa Kỳ | ||
| 904 | |i Bằng | ||
| 980 | |a Trung tâm Học liệu Trường Đại học Cần Thơ | ||